| 000 | 00641cam a22002174a 4500 | ||
|---|---|---|---|
| 020 | _a0821366645 | ||
| 020 | _a0821366653 (ebook) | ||
| 020 | _a9780821366646 | ||
| 020 | _a9780821366653 | ||
| 040 | _cDLC | ||
| 082 | 0 | 0 | _a338 WOR 2006 A068 Or. |
| 245 | 0 | 0 |
_aOvercoming drought : _badaptation strategies for Andhra Pradesh, India. |
| 260 |
_aWashington, DC : _bWorld Bank, _cc2006. |
||
| 300 |
_axxviii, 136 p. : _bill., map ; _c23 cm. |
||
| 490 | 1 | _aDirections in development | |
| 650 | 0 | _aAgriculture | |
| 650 | 0 | _aDroughts | |
| 710 | 2 | _aWorld Bank. | |
| 856 | 4 | 1 | _uhttp://www.loc.gov/catdir/toc/fy0703/2006046556.html |
| 942 | _cEK | ||
| 999 |
_c14858 _d14858 |
||